[Event "CHN-chB (Women)"]
[Site "Hangzhou"]
[Date "2019.07.04"]
[Round "5"]
[White "Jiang, Zhaoyi"]
[Black "Tian, Yu"]
[Result "1/2-1/2"]
[WhiteElo "1931"]
[BlackElo "1530"]
[PlyCount "67"]
[EventDate "2019.07.02"]
[EventType "swiss"]
[EventRounds "11"]
[EventCountry "CHN"]
[SourceTitle "CBM 191 Extra"]
[Source "ChessBase"]
[SourceDate "2019.09.30"]
[SourceVersion "1"]
[SourceVersionDate "2019.09.30"]
[SourceQuality "1"]

1. d4 Nf6 2. Bf4 d5 3. e3 c6 4. Bd3 Qb6 5. Qc1 c5 6. c3 e6 7. Nf3 Nc6 8. 0-0 Be7 9. Nbd2 0-0 10. Qc2 h6 11. Ne5 Nxe5 12. Bxe5 Nd7 13. Bg3 Bd6 14. Nf3 Bxg3 15. hxg3 Qd6 16. Rfe1 e5 17. dxe5 Nxe5 18. Nxe5 Qxe5 19. e4 dxe4 20. Rxe4 Qc7 21. Rae1 Be6 22. R4e3 Qd7 23. Rd1 Qc8 24. Qa4 Kh8 25. Qe4 g6 26. Qe5+ Kh7 27. Qf6 Re8 28. Rde1 Qd8 29. Qf3 Qd7 30. Qe2 a6 31. Rd1 Qc7 32. a3 Rab8 33. Re1 Qd7 34. Rd1 1/2-1/2

[Event "CHN-chB (Women)"]
[Site "Hangzhou"]
[Date "2019.07.04"]
[Round "6"]
[White "Tian, Yu"]
[Black "Zhou, Shujun"]
[Result "0-1"]
[WhiteElo "1530"]
[BlackElo "1780"]
[PlyCount "117"]
[EventDate "2019.07.02"]
[EventType "swiss"]
[EventRounds "11"]
[EventCountry "CHN"]
[SourceTitle "CBM 191 Extra"]
[Source "ChessBase"]
[SourceDate "2019.09.30"]
[SourceVersion "1"]
[SourceVersionDate "2019.09.30"]
[SourceQuality "1"]

1. e4 c6 2. d4 d5 3. exd5 cxd5 4. Bd3 Nc6 5. c3 e5 6. dxe5 Nxe5 7. Bb5+ Nc6 8. Nf3 Bc5 9. 0-0 Nge7 10. Nbd2 0-0 11. Nb3 Bd6 12. Bd3 Bf5 13. Bxf5 Nxf5 14. Qd3 Qd7 15. Nbd4 Ncxd4 16. Nxd4 Nxd4 17. Qxd4 Bc7 18. Qb4 a5 19. Qd4 Rfe8 20. Be3 Re4 21. Qd2 Qb5 22. Rfe1 a4 23. g3 h5 24. Bd4 Rae8 25. Kg2 f6 26. Rxe4 dxe4 27. Kg1 h4 28. Re1 hxg3 29. hxg3 Kf7 30. Qe2 Qxe2 31. Rxe2 f5 32. Kg2 g5 33. Rd2 Ke6 34. b3 axb3 35. axb3 Ra8 36. Re2 Ra3 37. f3 Kd5 38. fxe4+ fxe4 39. b4 Be5 40. Rd2 Bxd4 41. Rxd4+ Ke5 42. Rc4 Ra2+ 43. Kf1 Kf5 44. Rd4 Kg4 45. Rxe4+ Kf3 46. Re1 Rc2 47. Rb1 Rxc3 48. b5 b6 49. Kg1 Kxg3 50. Kf1 Kf3 51. Kg1 g4 52. Kf1 g3 53. Kg1 Ke4 54. Kg2 Kd4 55. Rh1 Kc4 56. Rh5 Rb3 57. Rg5 Rxb5 58. Rxg3 Rf5 59. Rg8 0-1